| 000 | 006250000a22002050004500 | ||
|---|---|---|---|
| 001 | 30584 | ||
| 010 | _a978-989-95736-1-1 | ||
| 100 | _a20100210d2008 a y0pory5003 ba | ||
| 101 | 0 | _apor | |
| 102 | _aPT | ||
| 200 | 1 |
_aO reino do silĂȘncio _fPedro Seromenho |
|
| 210 |
_aBraga _cLibrobraga _d2008 |
||
| 215 |
_a154 p. _cil. |
||
| 675 |
_a087.5 _vBN _zpor |
||
| 675 |
_a821.134.3-344"20" _vBN _zpor |
||
| 700 | 1 |
_942202 _aSeromenho _bPedro _f1975- |
|
| 090 | _a30584 | ||
| 942 |
_cMON _n0 |
||
| 999 | _a30584 | ||